000 00526nam a2200217Ia 4500
003 OSt
005 20220928141118.0
006 a|||||r|||| 00| 0
007 ta
008 220927b |||||||| |||| 00| 0 eng d
024 _a13756
037 _cTextual
040 _aSDCL
_cSDCL
_beng
041 _2eng
_aeng
082 _aD65,145, L3
100 _aSonde B S
_9499158
245 0 _aSpecial purpose amplifiers.
260 _c1973
942 _hD65,145, L3
_cTEXL
_2CC
999 _c816165
_d816165